000
00325nam a22001457a 4500
003
SGT
020
_a
978-93-80316-75-8
082
_a
615.321
_b
SIN
100
_a
SINGH, PRADEEP
245
_a
TEXTBOOK OF PHARMACOGNOSY
260
_a
INDIA
_b
AHUJA PUB.
_c
2019
300
_a
181
650
_a
PHARMACOGNOSY
942
_2
ddc
_c
BK
999
_c
32921
_d
32921